|
|
|
|
| LEADER |
00000cam a2200000 7i4500 |
| 001 |
0000002211 |
| 005 |
20030326.0 |
| 090 |
0 |
0 |
|a 634.92
|b MAL 2002
|
| 245 |
0 |
0 |
|a MALAYSIAN-German sustainable forest management and conservation project :
|b project papers, phase I and II, 1 October 1994-31 March 2001; v. 1 & II
|c (compiled by Thai See Kiam, Azmi Nordin, Mohd Fadzil Yusof
|
| 260 |
0 |
0 |
|a Kuala Lumpur :
|b Forestry Department Peninsular Malaysia; German Technical Cooperation (GTZ), Germany ,
|c 2002
|
| 300 |
|
|
|a 2 v., various pagings. :
|b ill. ;
|c 30 cm.
|
| 500 |
0 |
0 |
|a Includes bibliographies
|
| 650 |
0 |
0 |
|a Forest conservation
|
| 650 |
0 |
0 |
|a Forest management
|
| 700 |
0 |
1 |
|a Azmi Nordin
|
| 700 |
0 |
1 |
|a Mohd Fadzil Yusof
|
| 700 |
0 |
1 |
|a Thai
|h See Kiam
|
| 710 |
1 |
1 |
|a German Technical Cooperation (GTZ), Germany
|
| 710 |
1 |
1 |
|a Malaysia ,
|c Forestry Department Peninsular Malaysia
|
| 998 |
|
|
|a JPSM
|
| 999 |
|
|
|a 0000003721
|b Monograph
|c Reference
|e Default branch
|
| 999 |
|
|
|a 0000003722
|b Monograph
|c Open Shelf
|e Default branch
|
| 999 |
|
|
|a 0000003723
|b Monograph
|c Open Shelf
|e Default branch
|
| 999 |
|
|
|a 0000003724
|b Monograph
|c Open Shelf
|e Default branch
|